000 00471nam a2200181Ia 4500
001 7868
005 20260306160527.0
008 260306t1999||||xx |||||||||||||| ||spa||
041 _aESP
082 _a363.34930985
_bV72
100 _aViñé Pérez, Francisco Javier
_eAUT
245 0 _aUn caudal de dolor e impotencia:
_bIca, 29 de enero de 1998
260 _c1999
300 _a177 páginas :
_c24 cm.
650 _aGEN
654 _aCIA
942 _cLIB
_dJUS
_fJUS
_2ddc
_n
999 _c7868
_d7868